Controlling in international business and its growing importance in terms of socio-economic crisis

Na minha lista:
Detalhes bibliográficos
Autor principal: Jamborová, Erika Mária
Formato: Capítulo de Livro
Idioma:inglês
Assuntos:
Tags: Adicionar Tag
Sem tags, seja o primeiro a adicionar uma tag!

MARC

LEADER 00000nla a2200000 4500
001 0152868
005 20240502072725.2
041 0 |a eng 
044 |a SK 
245 1 0 |a Controlling in international business and its growing importance in terms of socio-economic crisis  |c Erika Mária Jamborová 
610 2 0 |a kontroling 
610 2 0 |a kontroling finančný 
610 2 0 |a kontroling strategický 
610 2 0 |a obchod medzinárodný 
610 2 0 |a financie 
610 2 0 |a metódy riadenia 
100 1 |a Jamborová, Erika Mária